[Event "Women's Speed Chess Q5"]
[Site "chess.com INT"]
[Date "2020.06.22"]
[Round "6"]
[White "Zhukova, Natalia"]
[Black "Bommini, Mounika Akshaya"]
[Result "1-0"]
[WhiteTitle "GM"]
[BlackTitle "WFM"]
[WhiteElo "2328"]
[BlackElo "2029"]
[WhiteFideId "14101513"]
[BlackFideId "25019872"]
[EventDate "2020.06.22"]

1. c4 e5 2. Nc3 Bb4 3. Nd5 Bc5 4. Nf3 e4 5. d4 exf3 6. dxc5 fxg2 7. Bxg2 c6 8.
Nc3 Nf6 9. Bg5 h6 10. Bh4 Na6 11. Qd4 g5 12. Bg3 O-O 13. h4 Qe7 14. Bd6 Qe6 15.
hxg5 hxg5 16. Rh6 1-0

[Event "Women's Speed Chess Q5"]
[Site "chess.com INT"]
[Date "2020.06.22"]
[Round "6"]
[White "Vanhuyse, Nele"]
[Black "Jakubowska, Anna"]
[Result "0-1"]
[WhiteTitle "WFM"]
[BlackTitle "WIM"]
[WhiteElo "1928"]
[BlackElo "2073"]
[WhiteFideId "228818"]
[BlackFideId "1121952"]
[EventDate "2020.06.22"]

1. e4 c6 2. d4 d5 3. Nc3 dxe4 4. Nxe4 Nf6 5. Nxf6+ gxf6 6. Nf3 Bg4 7. Be2 e6 8.
Bf4 Bd6 9. Qd2 Bxf3 10. Bxf3 Qc7 11. Bxd6 Qxd6 12. O-O-O Nd7 13. Kb1 O-O-O 14.
g3 Kb8 15. Qa5 Qc7 16. Qa3 Nb6 17. c3 Rd7 18. Rde1 Rhd8 19. Qb3 c5 20. dxc5 Qxc5
21. Rhf1 Nc4 22. Re2 b6 23. Ka1 Nd2 24. Rxd2 Rxd2 25. Qa4 Rxf2 26. Qf4+ e5 27.
Rxf2 exf4 0-1

[Event "Women's Speed Chess Q5"]
[Site "chess.com INT"]
[Date "2020.06.22"]
[Round "6"]
[White "Sukandar, Irine Kharisma"]
[Black "Nikoladze, Sopio"]
[Result "1-0"]
[WhiteTitle "IM"]
[BlackTitle "WIM"]
[WhiteElo "2413"]
[BlackElo "2132"]
[WhiteFideId "7101937"]
[BlackFideId "13600427"]
[EventDate "2020.06.22"]

1. d4 b5 2. e4 Bb7 3. d5 a6 4. a4 b4 5. Be3 e6 6. dxe6 dxe6 7. Qxd8+ Kxd8 8. Nd2
Nf6 9. f3 Nbd7 10. Nc4 a5 11. O-O-O Kc8 12. Nh3 Bc5 13. Ng5 Bxe3+ 14. Nxe3 Rf8
15. h4 h6 16. Nh3 Nb6 17. b3 Nfd7 18. Bb5 Ba6 19. Bxa6+ Rxa6 20. Nf4 Na8 21. Nc4
Nab6 22. Ne3 Kb7 23. Nd3 Raa8 24. g4 Rad8 25. g5 h5 26. Nf4 g6 27. Nd3 Kc6 28.
f4 Rfe8 29. Rhf1 Re7 30. Nb2 Nc5 31. Rxd8 Nxe4 32. Nbc4 Nxc4 33. Nxc4 Ng3 34.
Rf3 Nf5 35. Nxa5+ Kb6 36. Nc4+ Kb7 37. Rfd3 Nxh4 38. R3d7 Rxd7 39. Rxd7 Nf5 40.
Rxf7 h4 41. Rh7 1-0

[Event "Women's Speed Chess Q5"]
[Site "chess.com INT"]
[Date "2020.06.22"]
[Round "6"]
[White "Dzagnidze, Nana"]
[Black "Vargas, Gabriela"]
[Result "1-0"]
[WhiteTitle "GM"]
[BlackTitle "WIM"]
[WhiteElo "2524"]
[BlackElo "2170"]
[WhiteFideId "13601903"]
[BlackFideId "3700860"]
[EventDate "2020.06.22"]

1. Nf3 d5 2. e3 c6 3. c4 Nf6 4. Nc3 e6 5. b3 Bd6 6. Qc2 Nbd7 7. d4 a5 8. Bd3 Qe7
9. O-O O-O 10. Bb2 h6 11. Rfe1 b6 12. e4 dxe4 13. Nxe4 Nxe4 14. Bxe4 Bb7 15.
Rad1 Nf6 16. Bd3 Qc7 17. h3 c5 18. d5 exd5 19. Bxf6 gxf6 20. cxd5 Rfe8 21. Bc4
Rxe1+ 22. Rxe1 b5 23. Bxb5 Bxd5 24. Qf5 Qb7 25. Bd3 Be5 26. Nxe5 fxe5 27. Rxe5
Bxg2 28. Qh7+ Kf8 29. Qh8# 1-0

[Event "Women's Speed Chess Q5"]
[Site "chess.com INT"]
[Date "2020.06.22"]
[Round "6"]
[White "Muminova, Nafisa"]
[Black "Martsynovskaya, Marina"]
[Result "1-0"]
[WhiteTitle "WGM"]
[BlackTitle "WIM"]
[WhiteElo "2274"]
[BlackElo "2046"]
[WhiteFideId "14201526"]
[BlackFideId "609218"]
[EventDate "2020.06.22"]

1. d4 d5 2. Nc3 f5 3. Bf4 c6 4. e3 Nf6 5. Nf3 e6 6. Ne5 Bd6 7. Bd3 Qe7 8. Qe2
Ne4 9. Bxe4 Bxe5 10. Bxe5 fxe4 11. f3 exf3 12. gxf3 Nd7 13. Bg3 e5 14. dxe5 Nxe5
15. O-O-O Nc4 16. Rd3 Bf5 17. e4 dxe4 18. fxe4 Qg5+ 19. Kb1 Bg4 20. Qe1 O-O 21.
Rd4 b5 22. a3 Bf3 23. Rg1 Rae8 24. Bd6 1-0

[Event "Women's Speed Chess Q5"]
[Site "chess.com INT"]
[Date "2020.06.22"]
[Round "6"]
[White "Dwilewicz, Katarzyna"]
[Black "Arakhamia-Grant, Ketevan"]
[Result "0-1"]
[WhiteTitle "WFM"]
[BlackTitle "GM"]
[WhiteElo "2120"]
[BlackElo "2380"]
[WhiteFideId "1148486"]
[BlackFideId "13600168"]
[EventDate "2020.06.22"]

1. e4 c5 2. Nf3 Nc6 3. d4 cxd4 4. Nxd4 e5 5. Nb5 d6 6. c4 Be7 7. N1c3 a6 8. Na3
Nf6 9. Be2 Be6 10. Be3 Rc8 11. Rc1 O-O 12. O-O Na5 13. b3 d5 14. exd5 Bxa3 15.
dxe6 Bxc1 16. exf7+ Kxf7 17. Qxc1 Nc6 18. Bc5 Re8 19. Rd1 Nd4 20. Ba3 Qa5 21.
Bb2 Qxc3 22. Bh5+ Nxh5 23. Qg5 Qxb2 24. Qxh5+ Kg8 0-1

[Event "Women's Speed Chess Q5"]
[Site "chess.com INT"]
[Date "2020.06.22"]
[Round "6"]
[White "Franco Valencia, Angela"]
[Black "Hernandez Bonilla, Amelia"]
[Result "1-0"]
[WhiteTitle "WIM"]
[BlackTitle "WFM"]
[WhiteElo "2089"]
[BlackElo "2016"]
[WhiteFideId "4403070"]
[BlackFideId "3900193"]
[EventDate "2020.06.22"]

1. e4 c5 2. Nf3 Nc6 3. d4 cxd4 4. Nxd4 d6 5. Nc3 Nf6 6. g3 g6 7. Bg2 Bg7 8. Nde2
O-O 9. O-O a6 10. a4 Bd7 11. h3 Rc8 12. Re1 Na5 13. b3 Qb6 14. Rb1 Rfd8 15. Be3
Qc7 16. Rc1 b5 17. axb5 axb5 18. Nd5 Nxd5 19. exd5 b4 20. Bd4 Bxd4 21. Nxd4 Be8
22. h4 Qb7 23. h5 Rc5 24. hxg6 hxg6 25. Qg4 Kg7 26. Nf5+ Kf8 27. Nxe7 Bd7 28.
Qf4 Re8 29. Nxg6+ Kg7 30. Nh4 Rxe1+ 31. Rxe1 Rxc2 32. Qg5+ Kf8 33. Nf5 Bxf5 34.
Qxf5 1-0

[Event "Women's Speed Chess Q5"]
[Site "chess.com INT"]
[Date "2020.06.22"]
[Round "6"]
[White "Soumya, Swaminathan"]
[Black "Rakhmangulova, Anastasiya"]
[Result "0-1"]
[WhiteTitle "IM"]
[BlackTitle "WIM"]
[WhiteElo "2351"]
[BlackElo "2191"]
[WhiteFideId "5016193"]
[BlackFideId "14117479"]
[EventDate "2020.06.22"]

1. Nf3 d5 2. c4 c6 3. g3 a6 4. Bg2 Bg4 5. Ne5 Be6 6. cxd5 cxd5 7. d4 Nc6 8. O-O
h5 9. h4 Nh6 10. Nc3 Nf5 11. Nf3 f6 12. Qd3 Nd6 13. Ne1 Bf5 14. Qd1 e6 15. f3
Qb6 16. e4 dxe4 17. fxe4 Bg4 18. Qb3 Qxb3 19. axb3 Nxd4 20. b4 Nc4 21. b3 Nxb3
22. Rb1 Nbd2 23. Bxd2 Nxd2 24. Rb2 Nxf1 25. Bxf1 Bd6 26. Bc4 Rc8 0-1

[Event "Women's Speed Chess Q5"]
[Site "chess.com INT"]
[Date "2020.06.22"]
[Round "6"]
[White "Mrudul, Dehankar"]
[Black "Cyfka, Karina"]
[Result "0-1"]
[WhiteTitle "WIM"]
[BlackTitle "IM"]
[WhiteElo "2256"]
[BlackElo "2411"]
[WhiteFideId "25096990"]
[BlackFideId "1122681"]
[EventDate "2020.06.22"]

1. e4 e5 2. Nf3 Nc6 3. Bb5 a6 4. Ba4 Nf6 5. O-O Be7 6. Re1 b5 7. Bb3 O-O 8. c3
d5 9. exd5 Nxd5 10. Nxe5 Nxe5 11. Rxe5 c6 12. d4 Bd6 13. Re1 Qh4 14. g3 Qh3 15.
Qf3 Bg4 16. Qg2 Qh5 17. Bxd5 cxd5 18. Be3 Rae8 19. Nd2 Re6 20. f3 Bh3 21. Qf2
Rfe8 22. Nf1 f5 23. Bd2 f4 24. g4 Qg6 25. Rxe6 Rxe6 26. Re1 h5 27. Rxe6 Qxe6 28.
Qh4 hxg4 29. Qd8+ Kf7 30. Qg5 gxf3 31. Qh5+ Kg8 32. Qxf3 Qg6+ 33. Kf2 Be6 34.
Bxf4 Qc2+ 35. Kg1 Bf8 0-1

[Event "Women's Speed Chess Q5"]
[Site "chess.com INT"]
[Date "2020.06.22"]
[Round "6"]
[White "Grigoryan, Meri"]
[Black "Schut, Lisa"]
[Result "0-1"]
[WhiteTitle "WFM"]
[BlackTitle "WIM"]
[WhiteElo "2044"]
[BlackElo "2259"]
[WhiteFideId "13300571"]
[BlackFideId "1019481"]
[EventDate "2020.06.22"]

1. d4 Nf6 2. Nf3 g6 3. Bg5 Ne4 4. Bf4 d5 5. e3 Bg7 6. Bd3 b6 7. Nfd2 Nxd2 8.
Nxd2 Bb7 9. c3 c5 10. O-O O-O 11. Rc1 Nd7 12. Bb1 e5 13. dxe5 Nxe5 14. Bg3 Ba6
15. Re1 Nd3 16. Bxd3 Bxd3 17. Nf3 Be4 18. Ne5 Re8 19. Nf3 h5 20. h4 Qd7 21. c4
Bxb2 22. cxd5 Bxc1 23. Qxc1 Bxf3 24. gxf3 Qxd5 25. e4 Qd3 26. Qh6 Qxf3 27. Bf4
Qg4+ 28. Kf1 Rad8 29. e5 Qh3+ 30. Kg1 Rd4 31. Bg5 Rg4# 0-1

[Event "Women's Speed Chess Q5"]
[Site "chess.com INT"]
[Date "2020.06.22"]
[Round "6"]
[White "Gunina, Valentina"]
[Black "Meenakshi, Subbaraman"]
[Result "1-0"]
[WhiteTitle "GM"]
[BlackTitle "WGM"]
[WhiteElo "2431"]
[BlackElo "2171"]
[WhiteFideId "4167570"]
[BlackFideId "5004381"]
[EventDate "2020.06.22"]

1. d4 d6 2. e4 Nf6 3. Nc3 g6 4. Nf3 Bg7 5. h3 O-O 6. Bc4 Nbd7 7. O-O e5 8. dxe5
Nxe5 9. Nxe5 dxe5 10. Qe2 c6 11. b3 Qe7 12. a4 Rd8 13. Ba3 Qe8 14. Rfd1 Be6 15.
a5 a6 16. Bc5 Bxc4 17. Qxc4 Rxd1+ 18. Rxd1 Rd8 19. Rd6 Rxd6 20. Bxd6 Bf8 21. Qb4
Bxd6 22. Qxd6 Kg7 23. Qc7 Qd7 24. Qxe5 Qd2 25. g4 h6 26. Kg2 Qxc2 27. h4 Qxb3
28. g5 hxg5 29. hxg5 Qe6 30. gxf6+ Qxf6 31. Qxf6+ Kxf6 32. Kf3 Ke5 33. Ke3 g5
34. Na4 Kd6 35. Kd4 f6 36. Nc5 Kc7 37. f3 Kc8 38. e5 fxe5+ 39. Kxe5 Kc7 40. Ne6+
Kd7 41. Nxg5 c5 42. Kd5 c4 43. Ne4 Kc7 44. Kc5 Kd7 45. Nc3 Ke6 46. Kxc4 Ke5 47.
Na4 Kd6 48. Nc5 Kc6 49. f4 b6 50. axb6 Kxb6 51. Nxa6 Kc6 52. Nc5 Kd6 53. Kd4 Ke7
54. Ke5 Kf7 55. f5 1-0

[Event "Women's Speed Chess Q5"]
[Site "chess.com INT"]
[Date "2020.06.22"]
[Round "6"]
[White "Ovezdurdiyeva, Jemal"]
[Black "Tsotsonava, Elene"]
[Result "1-0"]
[WhiteTitle "WFM"]
[BlackTitle "WFM"]
[WhiteElo "2061"]
[BlackElo "2012"]
[WhiteFideId "14001888"]
[BlackFideId "13615939"]
[EventDate "2020.06.22"]

1. d4 d5 2. c4 dxc4 3. Nc3 Nf6 4. e4 e5 5. d5 c6 6. Bxc4 b5 7. Bb3 b4 8. Na4
Nxe4 9. dxc6 Qxd1+ 10. Bxd1 Nxc6 11. Bf3 Bf5 12. g4 Bg6 13. Ne2 O-O-O 14. Be3
Nd4 15. Rc1+ Kb8 16. Nxd4 exd4 17. Rd1 Bd6 18. Rxd4 Rhe8 19. O-O f5 20. Rfd1 f4
21. Bxf4 Bxf4 22. Rxd8+ Rxd8 23. Rxd8+ Kc7 24. Rd4 Be5 25. Rc4+ Kb7 26. Bxe4+
Bxe4 27. Rxe4 1-0

[Event "Women's Speed Chess Q5"]
[Site "chess.com INT"]
[Date "2020.06.22"]
[Round "6"]
[White "Krasteva, Beloslava"]
[Black "Zakirova, Aisha"]
[Result "0-1"]
[WhiteTitle "FM"]
[BlackTitle "WCM"]
[WhiteElo "2246"]
[BlackElo "1585"]
[WhiteFideId "2922029"]
[BlackFideId "13719734"]
[EventDate "2020.06.22"]

1. d4 Nf6 2. c4 e6 3. Nc3 Bb4 4. e3 Bxc3+ 5. bxc3 b6 6. Bd3 O-O 7. Ne2 Nc6 8.
O-O Ba6 9. e4 Na5 10. e5 Ne8 11. Ng3 Bxc4 12. Bxc4 Nxc4 13. Qd3 d5 14. f4 f5 15.
exf6 Nxf6 16. f5 e5 17. dxe5 Nxe5 18. Qd4 Re8 19. Bg5 c6 20. Nh5 Qd6 21. Nxf6+
gxf6 22. Bh6 Kh8 23. Qh4 Rg8 24. Rae1 Rg4 25. Qh5 Rag8 26. Re2 Qc5+ 27. Kh1 Qxc3
28. Re3 Qc4 29. Rg1 Rxg2 30. Rg3 Rxg1+ 31. Kxg1 Qd4+ 0-1

[Event "Women's Speed Chess Q5"]
[Site "chess.com INT"]
[Date "2020.06.22"]
[Round "6"]
[White "Danielian, Elina"]
[Black "Batsiashvili, Nino"]
[Result "0-1"]
[WhiteTitle "GM"]
[BlackTitle "GM"]
[WhiteElo "2407"]
[BlackElo "2457"]
[WhiteFideId "13300210"]
[BlackFideId "13602993"]
[EventDate "2020.06.22"]

1. d4 f5 2. e4 fxe4 3. Nc3 Nf6 4. Bg5 Nc6 5. d5 Ne5 6. Qd4 Nf7 7. h4 g6 8. O-O-O
Bg7 9. Nh3 O-O 10. Qd2 c6 11. Kb1 Nxd5 12. Nxd5 cxd5 13. Qxd5 Qb6 14. Bc1 Qc6
15. Bc4 e6 16. Qxc6 bxc6 17. Bb3 d5 18. c4 a5 19. f3 a4 20. Bc2 exf3 21. gxf3
Ne5 22. cxd5 exd5 23. f4 Nc4 24. Ng5 Nxb2 25. Bxb2 Rb8 26. Bxa4 Bf5+ 27. Kc1
Bxb2+ 28. Kd2 c5 0-1

[Event "Women's Speed Chess Q5"]
[Site "chess.com INT"]
[Date "2020.06.22"]
[Round "6"]
[White "Stefanova, Antoaneta"]
[Black "Haussernot, Cecile"]
[Result "1-0"]
[WhiteTitle "GM"]
[BlackTitle "WIM"]
[WhiteElo "2462"]
[BlackElo "2171"]
[WhiteFideId "2902257"]
[BlackFideId "601632"]
[EventDate "2020.06.22"]

1. d4 Nf6 2. Nf3 e6 3. e3 d5 4. Bd3 c5 5. b3 Nc6 6. O-O Bd6 7. Bb2 O-O 8. a3 Ne4
9. Nbd2 f5 10. Ne5 Qc7 11. f4 cxd4 12. exd4 Nxe5 13. fxe5 Be7 14. c4 Bg5 15.
Nxe4 dxe4 16. Bc2 Rd8 17. Kh1 b6 18. d5 Bb7 19. Qh5 h6 20. d6 Qc6 21. h4 Bd2 22.
Qg6 e3 23. Qxe6+ Kh8 24. Rg1 Rf8 25. Qg6 e2 26. e6 Rf6 27. Bxf6 gxf6 28. Qxf6+
Kg8 29. Qf7+ Kh8 30. Bxf5 1-0

[Event "Women's Speed Chess Q5"]
[Site "chess.com INT"]
[Date "2020.06.22"]
[Round "6"]
[White "Afraoui, Anaelle"]
[Black "Mendoza, Shania Mae"]
[Result "0-1"]
[WhiteTitle "WFM"]
[BlackTitle "WFM"]
[WhiteElo "2120"]
[BlackElo "2158"]
[WhiteFideId "20654383"]
[BlackFideId "5211158"]
[EventDate "2020.06.22"]

1. e4 c6 2. d4 d5 3. Nc3 dxe4 4. Nxe4 Bf5 5. Ng3 Bg6 6. Nf3 Nd7 7. h4 h6 8. h5
Bh7 9. Bd3 Bxd3 10. Qxd3 e6 11. Bd2 Ngf6 12. O-O-O Be7 13. Kb1 Qb6 14. Ne4 Nxe4
15. Qxe4 Nf6 16. Qe2 Qb5 17. Qxb5 cxb5 18. Ne5 Bd6 19. f3 Bxe5 20. dxe5 Nd5 21.
Bc1 O-O-O 22. Rd3 Kc7 23. Rhd1 Ne7 24. Rd6 Nf5 25. Rxd8 Rxd8 26. Rxd8 Kxd8 27.
g4 Nd4 28. f4 Kd7 29. c3 Ne2 30. Be3 Kc6 31. Kc2 Kd5 32. Kd3 Ng3 33. Bxa7 Ne4
34. Bd4 f5 35. gxf5 exf5 36. b3 Ng3 37. c4+ bxc4+ 38. bxc4+ Ke6 39. Bc5 Nxh5 40.
Ke3 g5 41. fxg5 hxg5 42. Bd6 g4 43. c5 f4+ 44. Kf2 Ng7 45. a4 Nf5 46. a5 Nd4 47.
Kg2 Nc6 48. Bc7 Kd5 49. e6 f3+ 50. Kg3 Kxe6 51. Bf4 Nxa5 52. Be3 Kf5 53. Bf2 Nc4
54. Bd4 Nd2 55. Kf2 Ne4+ 56. Ke3 f2 57. Ke2 g3 0-1

[Event "Women's Speed Chess Q5"]
[Site "chess.com INT"]
[Date "2020.06.22"]
[Round "6"]
[White "Socko, Monika"]
[Black "Kubicka, Anna"]
[Result "1-0"]
[WhiteTitle "GM"]
[BlackTitle "WIM"]
[WhiteElo "2428"]
[BlackElo "2256"]
[WhiteFideId "1106619"]
[BlackFideId "1152254"]
[EventDate "2020.06.22"]

1. d4 Nf6 2. c4 e6 3. Nf3 d5 4. g3 dxc4 5. Bg2 Bb4+ 6. Nbd2 O-O 7. Qc2 b5 8. a4
c6 9. axb5 cxb5 10. Ng5 h6 11. h4 Qxd4 12. Bxa8 Nbd7 13. Nf3 Qd6 14. O-O Nc5 15.
Rxa7 Bd7 16. Rd1 Qb6 17. Ra1 Ba5 18. Be4 Rc8 19. Ne5 Be8 20. Bg2 Qc7 21. Nef3
Bb6 22. Nf1 Nb3 23. Ra3 b4 24. Ra6 Bb5 25. Rxb6 Qxb6 26. Be3 Qc7 27. Nd4 Nxd4
28. Bxd4 e5 29. Be3 c3 30. bxc3 bxc3 31. Bc1 Qc4 32. Ne3 Qb4 33. Nd5 Nxd5 34.
Rxd5 1-0

[Event "Women's Speed Chess Q5"]
[Site "chess.com INT"]
[Date "2020.06.22"]
[Round "6"]
[White "Kiseleva, Arina"]
[Black "Matveeva, Olga"]
[Result "1-0"]
[WhiteTitle "WCM"]
[BlackTitle "WIM"]
[WhiteElo "2024"]
[BlackElo "2171"]
[WhiteFideId "4164989"]
[BlackFideId "24107018"]
[EventDate "2020.06.22"]

1. d4 Nf6 2. Nf3 e6 3. e3 d5 4. Bd3 c5 5. O-O Nc6 6. a3 Bd6 7. dxc5 Bxc5 8. b4
Bd6 9. Bb2 O-O 10. Nbd2 Re8 11. b5 Na5 12. Ne5 b6 13. c4 dxc4 14. Ndxc4 Nxc4 15.
Nxc4 Be7 16. Qc2 h6 17. Rfd1 Qc7 18. Be5 Qc5 19. Bd4 Qh5 20. Rac1 Bb7 21. Bxf6
Bxf6 22. Nd6 Be5 23. Nxb7 Qxh2+ 24. Kf1 Qh1+ 25. Ke2 Qxg2 26. Be4 Qg4+ 27. Bf3
Qh4 28. Nd6 Red8 29. Bxa8 Bxd6 30. Bf3 g6 31. Qc6 Qe7 32. Rd3 Bxa3 33. Rxd8+
Qxd8 34. Qc8 Qxc8 35. Rxc8+ Kg7 36. Ra8 h5 37. Rxa7 Bc5 38. Rc7 h4 39. Rxc5 bxc5
40. b6 1-0

[Event "Women's Speed Chess Q5"]
[Site "chess.com INT"]
[Date "2020.06.22"]
[Round "6"]
[White "Berend, Elvira"]
[Black "Shafigullina, Zarina"]
[Result "1-0"]
[WhiteTitle "WGM"]
[BlackTitle "WFM"]
[WhiteElo "2326"]
[BlackElo "2296"]
[WhiteFideId "4000510"]
[BlackFideId "24174220"]
[EventDate "2020.06.22"]

1. d4 Nf6 2. c4 e6 3. g3 d5 4. Nf3 Be7 5. Bg2 O-O 6. O-O dxc4 7. Qc2 a6 8. a4
Bd7 9. Qxc4 Bc6 10. Bf4 Nbd7 11. Nc3 Nb6 12. Qd3 Nfd5 13. Bd2 Nxc3 14. bxc3 Nxa4
15. Ng5 Bxg5 16. Bxc6 bxc6 17. Rxa4 Bxd2 18. Qxd2 c5 19. Rfa1 cxd4 20. Rxd4 Qf6
21. Rf4 Qe5 22. Rfa4 a5 23. c4 Qc5 24. Qc3 Rfd8 25. Rxa5 Rxa5 26. Rxa5 Rd1+ 27.
Kg2 Qc6+ 28. f3 h6 29. Ra2 Rd8 30. Ra1 Qc5 31. Rc1 Rd4 32. Qe3 e5 33. h4 f6 34.
Rc2 Qd6 35. c5 Qc6 36. Qb3+ Kh7 37. Qf7 Rd5 38. h5 Rxc5 39. Qg6+ Kg8 40. Rb2 Rb5
41. Rd2 Rd5 42. Rc2 Rc5 43. Ra2 1-0

[Event "Women's Speed Chess Q5"]
[Site "chess.com INT"]
[Date "2020.06.22"]
[Round "6"]
[White "Priyanka, K"]
[Black "Kostrikina, Anna"]
[Result "1-0"]
[WhiteTitle "WIM"]
[BlackTitle "WFM"]
[WhiteElo "2218"]
[BlackElo "2161"]
[WhiteFideId "5082986"]
[BlackFideId "4176219"]
[EventDate "2020.06.22"]

1. e4 c5 2. Nf3 Nc6 3. d4 cxd4 4. Nxd4 Qb6 5. Nb3 Nf6 6. Nc3 e6 7. Be3 Qc7 8.
Nb5 Qb8 9. Bd3 a6 10. Nc3 Bb4 11. O-O O-O 12. f4 Bxc3 13. bxc3 d5 14. e5 Ne4 15.
Bxe4 dxe4 16. Nc5 Na5 17. Nxe4 Nc4 18. Bc5 Re8 19. Qg4 Kh8 20. Rad1 b6 21. Bd6
Qb7 22. Ng5 h6 23. Qh5 Kg8 24. Rf3 Nxd6 25. Rxd6 hxg5 26. Rh3 Kf8 27. Qh8+ Ke7
28. Qxg7 Rf8 29. Qf6+ 1-0

[Event "Women's Speed Chess Q5"]
[Site "chess.com INT"]
[Date "2020.06.22"]
[Round "6"]
[White "Kaya, Emel"]
[Black "Hryzlova, Sofiia"]
[Result "1-0"]
[WhiteTitle "WCM"]
[BlackTitle "WCM"]
[WhiteElo "1912"]
[BlackElo "1940"]
[WhiteFideId "6306411"]
[BlackFideId "14174669"]
[EventDate "2020.06.22"]

1. e4 c5 2. Nf3 Nc6 3. Bb5 e6 4. O-O a6 5. Bxc6 bxc6 6. d3 Ne7 7. Be3 Ng6 8. Nc3
d5 9. Ne2 Bd6 10. h3 O-O 11. b3 e5 12. Nh2 f5 13. f3 f4 14. Bf2 Qg5 15. Kh1 Rf6
16. c3 Nh4 17. Bxh4 Qxh4 18. Qe1 Qh5 19. c4 Rg6 20. cxd5 cxd5 21. exd5 Bf5 22.
Rd1 Rd8 23. Nc3 Be7 24. Qxe5 Bf6 25. Qc7 Rc8 26. Qxf4 Bxc3 27. g4 Qxh3 28. Qxf5
Rf8 29. Qe4 Rh6 30. Rf2 Bd4 31. Rg2 Rxf3 32. d6 Rf8 33. d7 Rd6 34. Qe7 Qh6 35.
Re1 Qf6 36. Qe8 Qd8 37. Qxd8 Rxd8 38. Re8+ Kf7 39. Rxd8 Ke6 40. Rg8 Kxd7 41. Nf3 1-0

[Event "Women's Speed Chess Q5"]
[Site "chess.com INT"]
[Date "2020.06.22"]
[Round "6"]
[White "Cori T., Deysi"]
[Black "Gaponenko, Inna"]
[Result "1-0"]
[WhiteTitle "WGM"]
[BlackTitle "IM"]
[WhiteElo "2388"]
[BlackElo "2396"]
[WhiteFideId "3801934"]
[BlackFideId "14101181"]
[EventDate "2020.06.22"]

1. d4 g6 2. Nf3 Bg7 3. g3 d6 4. Bg2 Nd7 5. O-O e5 6. dxe5 dxe5 7. Nbd2 Ne7 8.
Nc4 Nc6 9. Bg5 f6 10. Be3 O-O 11. a4 Qe7 12. c3 Nb6 13. Nfd2 Be6 14. Na3 f5 15.
b4 Qf7 16. Bc5 Rfd8 17. Qc2 Nd7 18. Be3 f4 19. Bc5 Nxc5 20. bxc5 fxg3 21. hxg3
Qe7 22. Ne4 Bd5 23. Rfd1 Bxe4 24. Bxe4 Qxc5 25. Qb3+ Kh8 26. Qxb7 Na5 27. Qb4
Qxb4 28. cxb4 Nb3 29. Bxa8 Rxa8 30. Ra2 Nd4 31. e3 Nc6 32. Rc2 Nxb4 33. Rxc7 a5
34. Rdd7 Rg8 35. Nc4 h5 36. Nxe5 Kh7 37. Nf7 Na6 38. Rc4 Nb4 39. Kg2 Na6 40. Ra7
Nb4 41. Rxa5 Na2 42. Ra7 Rf8 43. Ng5+ Kh6 44. Ne6 Rg8 45. Nxg7 Rxg7 46. Rxg7
Kxg7 47. a5 1-0

[Event "Women's Speed Chess Q5"]
[Site "chess.com INT"]
[Date "2020.06.22"]
[Round "6"]
[White "Xu, Yuanyuan"]
[Black "Kalinina, Larisa"]
[Result "1-0"]
[WhiteTitle "WGM"]
[BlackTitle "WIM"]
[WhiteElo "2317"]
[BlackElo "2131"]
[WhiteFideId "8601089"]
[BlackFideId "14106361"]
[EventDate "2020.06.22"]

1. d4 Nf6 2. c4 c5 3. d5 e6 4. Nc3 exd5 5. cxd5 d6 6. g3 g6 7. Bg2 Bg7 8. Nf3
O-O 9. O-O Re8 10. Bf4 a6 11. a4 Nh5 12. Bg5 Bf6 13. Bxf6 Nxf6 14. Nd2 Nbd7 15.
Nc4 Nb6 16. Ne3 Ng4 17. Nxg4 Bxg4 18. a5 Nc4 19. Qa4 Bxe2 20. Nxe2 Rxe2 21. Qxc4
Rxb2 22. Rab1 Rxb1 23. Rxb1 Rb8 24. Rb6 Qg5 25. Rxd6 Qd2 26. Rd7 Qe1+ 27. Bf1
Qxa5 28. d6 Rf8 29. Rxb7 Qd8 30. Qxc5 a5 31. Bc4 a4 32. Qc7 Qa8 33. Bxf7+ Kg7
34. Bd5+ Kf6 35. Qe7+ Kf5 36. Qe4+ 1-0

[Event "Women's Speed Chess Q5"]
[Site "chess.com INT"]
[Date "2020.06.22"]
[Round "6"]
[White "Huda, Maryana"]
[Black "Berdychevskaya, Natasha"]
[Result "1-0"]
[WhiteTitle "WGM"]
[BlackTitle "WFM"]
[WhiteElo "2128"]
[BlackElo "2208"]
[WhiteFideId "14116553"]
[BlackFideId "4159322"]
[EventDate "2020.06.22"]

1. e4 e5 2. Nf3 Nf6 3. Nc3 Bb4 4. d3 Nc6 5. g3 O-O 6. Bg2 h6 7. O-O d6 8. Nh4
Nd4 9. h3 c6 10. Nb1 Ba5 11. c3 Ne6 12. Kh2 Kh7 13. Nf5 d5 14. Qe2 dxe4 15. dxe4
Ng8 16. Rd1 Qc7 17. Na3 g6 18. Nd6 Rd8 19. Nac4 Bb6 20. Nxc8 Raxc8 21. Nxb6 axb6
22. Be3 Nf6 23. a4 Nf4 24. Qc4 Nxg2 25. Kxg2 Rxd1 26. Rxd1 Rd8 27. Rxd8 Qxd8 28.
Qxf7+ Kh8 29. Bxh6 Nh5 30. Qxg6 Qg8 31. Qxh5 1-0

[Event "Women's Speed Chess Q5"]
[Site "chess.com INT"]
[Date "2020.06.22"]
[Round "6"]
[White "Turova, Irina"]
[Black "Sapale, Saloni"]
[Result "1-0"]
[WhiteTitle "IM"]
[BlackTitle "WIM"]
[WhiteElo "2381"]
[BlackElo "2147"]
[WhiteFideId "4120876"]
[BlackFideId "5085527"]
[EventDate "2020.06.22"]

1. d4 Nf6 2. c4 g6 3. Nc3 d5 4. Bg5 Ne4 5. Bf4 Nxc3 6. bxc3 dxc4 7. e3 Be6 8.
Rb1 Qd5 9. Nf3 Nd7 10. Bxc7 Rc8 11. Bf4 Bg7 12. Be2 Bf5 13. Rb4 a5 14. Rb2 b5
15. O-O O-O 16. a3 Nb6 17. Qd2 Na4 18. Ra2 Ra8 19. Ne5 f6 20. Bf3 Be4 21. Bxe4
Qxe4 22. f3 Qb7 23. Ng4 h5 24. Nf2 e5 25. dxe5 fxe5 26. Bg3 Rfd8 27. Qc2 Nc5 28.
Qxg6 Qf7 29. Qc6 Nd3 30. Qxb5 Rdb8 31. Qc6 Rc8 32. Qe4 Rab8 33. Rd2 Nxf2 34.
Bxf2 Rb3 35. Rfd1 Rxa3 36. Rd8+ Rxd8 37. Rxd8+ Bf8 38. h4 Qe7 39. Qd5+ Kg7 40.
Rd7 Ra1+ 41. Kh2 Kf6 42. Rxe7 Bxe7 43. Qc6+ Kg7 44. Qxc4 1-0